<?xml version="1.0" encoding="UTF-8"?>
<collection xmlns="http://www.loc.gov/MARC21/slim">
 <record>
  <leader>01012nam a2200205 a 4500</leader>
  <controlfield tag="001">1/26378</controlfield>
  <controlfield tag="008">050520s1987    gr       b    00010 gre d</controlfield>
  <datafield tag="020" ind1=" " ind2=" ">
   <subfield code="a">9602601558</subfield>
  </datafield>
  <datafield tag="035" ind1=" " ind2=" ">
   <subfield code="l">28214</subfield>
  </datafield>
  <datafield tag="082" ind1="0" ind2="0">
   <subfield code="a">940 RO ΜΕΤ</subfield>
  </datafield>
  <datafield tag="100" ind1="0" ind2=" ">
   <subfield code="a">Ross, Graham.</subfield>
  </datafield>
  <datafield tag="245" ind1="1" ind2="3">
   <subfield code="a">Οι μεγάλες δυνάμεις και η παρακμή του ευρωπαϊκού κρατικού συστήματος 1914-1945/</subfield>
   <subfield code="c">Graham Ross.</subfield>
  </datafield>
  <datafield tag="260" ind1="0" ind2=" ">
   <subfield code="a">Θεσσαλονίκη :</subfield>
   <subfield code="b">Παρατηρητής,</subfield>
   <subfield code="c">1987.</subfield>
  </datafield>
  <datafield tag="300" ind1=" " ind2=" ">
   <subfield code="a">302 σ. :</subfield>
   <subfield code="c">21 εκ.</subfield>
  </datafield>
  <datafield tag="490" ind1="1" ind2=" ">
   <subfield code="a">Θέματα Ευρωπαϊκής Ιστορίας ;</subfield>
  </datafield>
  <datafield tag="504" ind1=" " ind2=" ">
   <subfield code="a">Περιέχει βιβλιογραφία.</subfield>
  </datafield>
  <datafield tag="651" ind1=" " ind2="4">
   <subfield code="a">Ευρώπη</subfield>
   <subfield code="x">Πολιτική και διακυβέρνηση</subfield>
   <subfield code="y">1815-1914.</subfield>
  </datafield>
  <datafield tag="651" ind1=" " ind2="0">
   <subfield code="a">Ευρώπη</subfield>
   <subfield code="x">Πολιτική και διακυβέρνηση,</subfield>
   <subfield code="y">1871-1945.</subfield>
  </datafield>
  <datafield tag="830" ind1=" " ind2=" ">
   <subfield code="a">Θέματα Ευρωπαϊκής Ιστορίας ;</subfield>
   <subfield code="v">7</subfield>
  </datafield>
  <datafield tag="852" ind1=" " ind2=" ">
   <subfield code="a">INST</subfield>
   <subfield code="b">UNIPILB</subfield>
   <subfield code="c">MAIN</subfield>
   <subfield code="e">20050520</subfield>
   <subfield code="h">940 RO ΜΕΤ</subfield>
   <subfield code="p">00148221</subfield>
   <subfield code="q">00148221</subfield>
   <subfield code="t">LOAN</subfield>
   <subfield code="y">0</subfield>
   <subfield code="4">1</subfield>
  </datafield>
 </record>
</collection>
